Analysis of the Transport Performances of Airport Košice

Saved in:
Bibliographic Details
Main Author: Rezničková, L.
Other Authors: Adamkovič, Jaroslav, Kršák, B.
Format: Book Chapter
Language:English
Subjects:
Tags: Add Tag
No Tags, Be the first to tag this record!

MARC

LEADER 00000nla a2200000 4500
001 0234330
005 20240502083624.9
041 0 |a eng 
044 |a US 
245 1 0 |a Analysis of the Transport Performances of Airport Košice  |c L. Rezničková, J. Adamkovič, B. Kršák 
610 2 0 |a doprava letecká 
610 2 0 |a letiská 
610 2 0 |a zákazníci 
610 2 0 |a ruch cestovný 
610 2 0 |a trh 
610 2 0 |a výkonnosť 
610 2 0 |a mestá 
610 2 0 |a Slovensko 
100 1 |a Rezničková, L. 
700 1 |a Adamkovič, Jaroslav 
700 1 |a Kršák, B.